Central Library OPAC University of Rajshahi

India and Pakistan : (Record no. 26273)

MARC details
000 -LEADER
fixed length control field 00819cam a22002651a 4500
001 - CONTROL NUMBER
control field 26273
003 - CONTROL NUMBER IDENTIFIER
rucl marc code BD-RjUL
005 - DATE AND TIME OF LATEST TRANSACTION
control field 20211209051007.0
008 - FIXED-LENGTH DATA ELEMENTS--GENERAL INFORMATION
fixed length control field 140320s1962 nyua b 001 0 eng
035 ## - SYSTEM CONTROL NUMBER
System control number (BD-RjUL)26343
System control number (OCoLC)8060132
040 ## - CATALOGING SOURCE
Original cataloging agency DLC
Transcribing agency PP
Modifying agency MoSU-L
-- OCoLC
-- ODaWU
-- DLC
-- BD-RjUL
Language of cataloging eng
041 ## - LANGUAGE CODE
Language code of text/sound track or separate title eng
082 ## - DEWEY DECIMAL CLASSIFICATION NUMBER
Classification number 954.04
Author mark and year TII 1962
100 1# - MAIN ENTRY--PERSONAL NAME
Personal name Tinker, Hugh.
9 (RLIN) 79688
245 10 - TITLE STATEMENT
Title India and Pakistan :
Remainder of title a political analysis /
Statement of responsibility, etc. Hugh Tinker.
260 ## - PUBLICATION, DISTRIBUTION, ETC. (IMPRINT)
Place of publication, distribution, etc. New York :
Name of publisher, distributor, etc. Praeger,
Date of publication, distribution, etc. c1962.
300 ## - PHYSICAL DESCRIPTION
Pagination 228 p. :
Illustrations ill. ;
Size 21 cm.
504 ## - BIBLIOGRAPHY, ETC. NOTE
Bibliography, etc Includes Bibliography: p. 217-220 and index.
651 #0 - SUBJECT ADDED ENTRY--GEOGRAPHIC NAME
Geographic name India
General subdivision Politics and government
Chronological subdivision 1947-
9 (RLIN) 80780
Geographic name Pakistan
General subdivision Politics and government.
9 (RLIN) 80781
942 ## - ADDED ENTRY ELEMENTS (KOHA)
Source of classification or shelving scheme Dewey Decimal Classification
Koha item type Books
Holdings
Lost status Source of classification or shelving scheme Damaged status Not for loan Collection code Permanent Location Current Location Shelving location Date acquired Source of acquisition Cost, normal purchase price Total Checkouts Full call number Date last seen Copy number Koha item type
  Dewey Decimal Classification     Non-fiction Central Library, University of Rajshahi Central Library, University of Rajshahi   24/07/1967 sweets & zeithinger 30.00   954.04 TII 1962 20/03/2014 C-8 Books
  Dewey Decimal Classification     Non-fiction Central Library, University of Rajshahi Central Library, University of Rajshahi   24/07/1967 sweets & zeithinger 30.00   954.04 TII 1962 20/03/2014 C-10 Books
  Dewey Decimal Classification     Non-fiction Central Library, University of Rajshahi Central Library, University of Rajshahi Reading Room 23/03/2014       954.04 TII 1967 23/03/2014 C-10 Books
  Dewey Decimal Classification     Non-fiction Central Library, University of Rajshahi Central Library, University of Rajshahi   08/05/1967 mirza book ajency 11.75   954.04 TII 1963 10/04/2014 C-2 Books